La vida instrucciones de uso
Պահպանված է:
| Հիմնական հեղինակ: | |
|---|---|
| Ձևաչափ: | Գիրք |
| Լեզու: | իսպաներեն |
| Հրապարակվել է: |
Barcelona
Anagrama
2016
|
| Հրատարակություն: | 16a. ed |
| Շարք: | Colección Compactos, 54
|
| Խորագրեր: | |
| Ցուցիչներ: |
Ավելացրեք ցուցիչ
Չկան պիտակներ, Եղեք առաջինը, ով նշում է այս գրառումը!
|
MARC
| LEADER | 00000cam a2200000 a 4500 | ||
|---|---|---|---|
| 001 | UCD7262 | ||
| 003 | CL-VaPUC | ||
| 008 | 170317e20160000sp |||||||||||||||||spa|d | ||
| 020 | |a 9788433920584 | ||
| 082 | 0 | 4 | |a 843 |b PER |2 21 |
| 100 | |a Perec, Georges |e author |9 603316 | ||
| 245 | 1 | 3 | |a La vida instrucciones de uso |
| 250 | |a 16a. ed | ||
| 300 | |a 634 p | ||
| 942 | |c BK | ||
| 945 | |d 20170317 22:16:00 |a dcastane | ||
| 260 | |a Barcelona |b Anagrama |c 2016 | ||
| 650 | 0 | |a Novela francesa |9 264985 | |
| 650 | 0 | |a Literatura francesa |9 266330 | |
| 650 | 0 | |a Vida social y costumbres |9 258725 | |
| 583 | |a last modification |c 20170317 22:16:00 |k Rodrigo Vera | ||
| 490 | 0 | |a Colección Compactos, 54 | |
| 999 | |c 367324 |d 367322 | ||
| 952 | |0 0 |1 0 |3 erb |4 0 |6 843_000000000000000_PER_2016 |7 0 |8 A |9 482149 |a BIBART |b BIBART |i 5365910 |l 1 |o 843 PER 2016 |p 5365910 |r 2025-03-13 |s 2022-10-18 |w 2019-11-24 |y BK |z Catalogado en:20170317 |k ART | ||